000 01418cam a22003737a 4500
003 CHAP
005 20220329142352.0
008 001006d1999 mx a r 00110 spa d
010 _a82475
011 _a83447
035 _a93960
040 _cCHAP
090 _aTesis
100 0 0 _aRodríguez Apolinar, Miguel Angel.
_998287
245 1 0 _aDinámica poblacional de áfidos e incidencia de enfermedades virosas en el cultivo de la calabacita (Cucurbita pepo L.) var. Gray Zucchini
_c/por Miguel Angel Rodríguez Apolinar.
260 _aCocula, Guerrero :
_bEl autor,
_c1999.
300 _a66 h. :
_bilus., gráfs., cuads.
502 _aTesis (Ing. Agr. Fitotecnista) -- Colegio Superior Agropecuario del Estado de Guerrero. Centro de Estudios Profesionales.
590 _aALEPH
_b10
_c20130110
_lUCH01
_h1438
590 _aBATCH-UPD
_b10
_c20130110
_lUCH01
_h0551
590 _aBATCH-UPD
_b10
_c20130110
_lUCH01
_h2323
590 _aBATCH-UPD
_b10
_c20130410
_lUCH01
_h0232
590 _aBATCH-UPD
_b10
_c20130913
_lUCH01
_h2005
590 _aCONVERSION
_b10
_c20130109
_lUCH01
_h1346
650 1 4 _aAfídidos.
_91031
650 1 4 _aCalabaza
_xEnfermedades.
_917269
650 1 4 _aCalabaza
_xRendimiento.
_917294
650 1 4 _aCultivos
_xGuerrero.
_930280
650 1 4 _aVirus del mosaico de la calabaza.
_9119952
901 _aBK
905 _aEdna Luz
942 _cTESIS
949 _bBC
_cTES
_d939601
_eTS1
_h37155
_i93960
_sb
999 _c82475
_d82475